Thẩm bình tác phẩm văn chương trong nhà trường

محفوظ في:
التفاصيل البيبلوغرافية
التنسيق: كتاب
اللغة:Undetermined
منشور في: H. ĐHQG 2000
الموضوعات:
الوسوم: إضافة وسم
لا توجد وسوم, كن أول من يضع وسما على هذه التسجيلة!
Thư viện lưu trữ: Trung tâm Học liệu Trường Đại học Cần Thơ
LEADER 00519nam a2200169Ia 4500
001 CTU_52023
008 210402s9999 xx 000 0 und d
020 |b 14000 
082 |a 807 
082 |b Th120/T2 
245 0 |a Thẩm bình tác phẩm văn chương trong nhà trường 
260 |a H. 
260 |b ĐHQG 
260 |c 2000 
650 |a vietnamese literature,vietnamese literature 
650 |x history and criticism,study and teaching 
980 |a Trung tâm Học liệu Trường Đại học Cần Thơ